Diaspora jak čynnyk utverdžennja Ukrajiny

Bibliographic Details
Main Author: Sopoliga, Miroslav, 1946- (Author)
Format: Article
Language:Ukrainian
Subjects:

MARC

LEADER 00000nab a2200000 a 4500
001 vtls008944225
003 SK-MaSNL
005 20260318122254.0
008 070209c2006 xo wr p 000 c0ukr
015 |a SNBRB2007/02 
038 |a SVKPOCL 
040 |a SVKPO  |b slo  |c SVKPO  |e AACR2 
041 0 |a ukr 
044 |a xo  |c SK 
080 |a 316.022.4(=161.2)(100):061.3  |2 2001 
080 |a 061.3  |2 2001 
100 1 |a Sopoliga, Miroslav,  |d 1946-  |4 aut  |9 233065 
245 1 0 |a Diaspora jak čynnyk utverdžennja Ukrajiny  |c Myroslav Sopolyha 
611 2 7 |a Diaspora jak čynnyk utverdžennja deržavy  |g konferencia  |d (2006 :  |c Ľvov, Ukrajina)  |2 svkpocl  |9 1570028 
648 7 |a 8.-10.3.2006  |2 svkpocl  |9 1570029 
650 0 7 |a ukrajinská diaspóra  |x konferencie  |2 svkpocl  |9 1570030 
650 0 7 |a konferencie  |2 svkpocl  |9 19221 
651 7 |a Ľvov (Ukrajina)  |2 svkpocl  |9 29383 
773 0 |t Nove žyttja  |g Roč. 56, č. 13-14 (2006), s. 5 
852 |a SVKPO  |b KIS3GCP 
958 |a UK 
958 |a SK 
958 |a UA 
999 |c 3200418  |d 3202348